000 00585nam a2200181Ia 4500
008 100122s9999 xx 000 0 und d
082 _b17526
_a291.43
100 _aवैद्य श्री म
245 _aप्रणवोपासना
250 _a3
260 _bशि.ना.कस्तुर
_c1962
300 _a224
520 _aमाळयावर गठ्ठा क्र 7
620 _aमाळयावर गठ्ठा क्र 7
630 _aप्रणवोपासना
730 _aप्रणवोपासना
942 _cBOOK
999 _c407202
_d407199